• 首页
  • 本馆介绍
  • 公告通知
  • 最新文献
  • 馆藏检索
  • 电子资源
  • 读者导购
  • 参考咨询
  • 我的图书馆
  • 登录
  • 详细信息显示
  • 放入我的书架
  • 预约/预借图书
  • 作者相关作品
  • 分类相关作品
  • 丛书相关作品
  • 出版社相关作品

书目信息

  • 表格格式
  • 工作单格式
  • 卡片格式
题名:
重型卡车整车电气线路图集大全
    
 
作者: 瑞佩尔 主编
分册:  
出版信息: 北京   化学工业出版社  2018
页数: 301页
开本: 29cm
丛书名:
单 册:
中图分类: U469.2-64
科图分类:
主题词: 重型载重汽车--zhong xing zai zhong qi che--电气设备--电路图--图集
电子资源:
ISBN: 978-7-122-31690-5
000 01030nam0 2200241 450
001 012001003884
005 20131106105151.0
010    @a978-7-122-31690-5@dCNY128.00
099    @aCAL 012018122253
100    @a20181004d2018 em y0chiy50 ea
101 0  @achi
102    @aCN@b110000
105    @aak z 000yy
106    @ar
200 1  @a重型卡车整车电气线路图集大全@Azhong xing ka che zheng che dian qi xian lu tu ji da quan@f瑞佩尔主编
210    @a北京@c化学工业出版社@d2018
215    @a301页@c图@d29cm
330    @a本书收集整理了目前国内常见重型载货汽车电气线路方面的技术资料。具体品牌包括重汽豪沃、福田欧曼、解放J5-J6车系、陕汽德龙-奥龙-德御车系、东风天龙-乘龙车系、江淮格尔发车系、北奔重卡、日野700车系、联合卡车、杰狮等。线路图都为整车电路图,包括发动机电控系统、底盘电控系统、车身电气等。
606 0  @a重型载重汽车@Azhong xing zai zhong qi che@x电气设备@x电路图@j图集
690    @aU469.2-64@v5
701  0 @a瑞佩尔@Arui pei er@4主编
801  0 @aCN@b上海新华@c20191020
905    @b1207004-6@dU469.2-64@e912@f3
    
    重型卡车整车电气线路图集大全/瑞佩尔主编.-北京:化学工业出版社,2018
    301页:图;29cm
    
    
    ISBN 978-7-122-31690-5:CNY128.00
    本书收集整理了目前国内常见重型载货汽车电气线路方面的技术资料。具体品牌包括重汽豪沃、福田欧曼、解放J5-J6车系、陕汽德龙-奥龙-德御车系、东风天龙-乘龙车系、江淮格尔发车系、北奔重卡、日野700车系、联合卡车、杰狮等。线路图都为整车电路图,包括发动机电控系统、底盘电控系统、车身电气等。
●
相关链接 在E读中查询图书 在五车中查询图书 在当当中查询图书 在豆瓣中查询图书


正题名:重型卡车整车电气线路图集大全     索取号:U469.2-64/912         预约/预借

序号 登录号 条形码 馆藏地/架位号 状态 备注
1 1207004   212070042   第二样本阅览室/ [索取号:U469.2-64/912] 在馆    
2 1207005   212070051   第三借阅区/ [索取号:U469.2-64/912] 在馆    
3 1207006   212070060   第三借阅区/ [索取号:U469.2-64/912] 在馆    
唐山师范学院图书馆 欢迎您!
大连网信软件有限公司© 版权所有